Copper Alloys Structure Parameters; Advanced Materials Research; Vol. 1040 : High Technology: Research and Applications 2014 (HTRA 2014)

Detalhes bibliográficos
Parent link:Advanced Materials Research: Scientific Journal
Vol. 1040 : High Technology: Research and Applications 2014 (HTRA 2014).— 2014.— [P. 225-229]
Autor principal: Martyushev N. V. Nikita Vladimirovich
Autor Corporativo: Национальный исследовательский Томский политехнический университет (ТПУ) Институт физики высоких технологий (ИФВТ) Кафедра материаловедения и технологии металлов (МТМ)
Resumo:Title screen
In this research it was examined the influence of crystallisation conditions binary leaded bronze on parametres of a received microstructure. Change of crystallisation conditions was carried out by change of cooling melt speed, through preliminary heating of casting moulds. Quantitative regularities of influence of cooling rate of explored bronze on parametres dendritic cells, grain size are presented. The data about formation of lead inclusions between dendrites of a copper matrix are published as well. It is shown that high rates of cooling of an order 100-150°С/c lead to dendritic structures formation containing only axes of the first and second order. Decrease of cooling rate at the moment of crystallisation to the values less 15°C/c leads to appearance and growth of axes of 3rd order at dendrites matrix.
Режим доступа: по договору с организацией-держателем ресурса
Idioma:inglês
Publicado em: 2014
Assuntos:
Acesso em linha:http://dx.doi.org/10.4028/www.scientific.net/AMR.1040.225
Formato: MixedMaterials Recurso Electrónico Capítulo de Livro
KOHA link:https://koha.lib.tpu.ru/cgi-bin/koha/opac-detail.pl?biblionumber=639166

MARC

LEADER 00000nla2a2200000 4500
001 639166
005 20231225092418.0
035 |a (RuTPU)RU\TPU\network\3570 
035 |a RU\TPU\network\2980 
090 |a 639166 
100 |a 20150225a2014 k y0engy50 ba 
101 0 |a eng 
102 |a US 
105 |a y z 100zy 
135 |a drcn ---uucaa 
181 0 |a i  
182 0 |a b 
200 1 |a Copper Alloys Structure Parameters  |f N. V. Martyushev 
203 |a Text  |c electronic 
300 |a Title screen 
330 |a In this research it was examined the influence of crystallisation conditions binary leaded bronze on parametres of a received microstructure. Change of crystallisation conditions was carried out by change of cooling melt speed, through preliminary heating of casting moulds. Quantitative regularities of influence of cooling rate of explored bronze on parametres dendritic cells, grain size are presented. The data about formation of lead inclusions between dendrites of a copper matrix are published as well. It is shown that high rates of cooling of an order 100-150°С/c lead to dendritic structures formation containing only axes of the first and second order. Decrease of cooling rate at the moment of crystallisation to the values less 15°C/c leads to appearance and growth of axes of 3rd order at dendrites matrix. 
333 |a Режим доступа: по договору с организацией-держателем ресурса 
461 0 |0 (RuTPU)RU\TPU\network\4598  |t Advanced Materials Research  |o Scientific Journal 
463 0 |0 (RuTPU)RU\TPU\network\4652  |t Vol. 1040 : High Technology: Research and Applications 2014 (HTRA 2014)  |o The International Conference, March 26-28, 2014, Tomsk, Russia  |o [proceedings]  |v [P. 225-229]  |d 2014 
610 1 |a электронный ресурс 
610 1 |a труды учёных ТПУ 
610 1 |a медные сплавы 
610 1 |a кристаллизация 
610 1 |a свинцовые включения 
700 1 |a Martyushev  |b N. V.  |c specialist in the field of material science  |c Associate Professor of Tomsk Polytechnic University, Candidate of technical sciences  |f 1981-  |g Nikita Vladimirovich  |3 (RuTPU)RU\TPU\pers\32906  |9 16754 
712 0 2 |a Национальный исследовательский Томский политехнический университет (ТПУ)  |b Институт физики высоких технологий (ИФВТ)  |b Кафедра материаловедения и технологии металлов (МТМ)  |3 (RuTPU)RU\TPU\col\18689 
801 2 |a RU  |b 63413507  |c 20161229  |g RCR 
856 4 |u http://dx.doi.org/10.4028/www.scientific.net/AMR.1040.225 
942 |c CF